000
00281nam a2200109Ia 4500
001
1272284
005
20260417151425.0
008
260417s9999 xx 000 0 und d
020
_a
9786256126961
245
0
_a
Dostluk İçin Birkaç Tebeşir
_c
Anne Booth
260
_b
Ketebe Çocuk
999
_c
1272284
_d
1272284